|
|
|
|
| LEADER |
00879nam a2200325 4500 |
| 001 |
DLU050048014 |
| 005 |
##20050629 |
| 008 |
##011010s2002 gw a 001 0 eng |
| 010 |
# |
# |
|a 2001054258
|
| 020 |
# |
# |
|a 3540426272 (pbk. : alk. paper)
|
| 040 |
# |
# |
|a DLC
|c DLC
|d DLC
|
| 050 |
# |
# |
|a QA649
|b .J67 2002
|
| 082 |
# |
# |
|a 516.373
|b JO-J
|
| 100 |
# |
# |
|a Jost, Jürgen
|d 1956-
|
| 245 |
# |
# |
|a Riemannian geometry and geometric analysis /
|c Jürgen Jost
|
| 250 |
# |
# |
|a 3rd ed.
|
| 260 |
# |
# |
|a Berlin ;
|a New York :
|b Springer,
|c 2002
|
| 300 |
# |
# |
|a xiii, 532 p. :
|b ill. (some col.) ;
|c 24 cm.
|
| 500 |
# |
# |
|a Includes index.
|
| 650 |
# |
# |
|a Geometry, Riemannian.
|
| 923 |
# |
# |
|a 21/2005
|
| 992 |
# |
# |
|a 27300
|
| 994 |
# |
# |
|a DLU
|
| 900 |
# |
# |
|a True
|
| 911 |
# |
# |
|a Nguyễn Thị Tố Hạnh
|
| 925 |
# |
# |
|a G
|
| 926 |
# |
# |
|a A
|
| 927 |
# |
# |
|a SH
|
| 980 |
# |
# |
|a Thư viện Trường Đại học Đà Lạt
|